000
00279nam a22001337a 4500
008
210707s2009 xx 000 0 und d
041
_a
eng
082
_a
052 TIME
100
_a
Richard Stengel
245
_a
Time
260
_c
2009
650
_a
Generalities
906
_a
Time
999
_c
179613
_d
179613